Plan de actuación del mandato 2008 - 2011 / Diputació de Barcelona
Descripción Física:
93 p. ; 30 cm
MARC
| LEADER | 00000nam a2200000Ia 4500 | ||
|---|---|---|---|
| 001 | 20596 | ||
| 008 | 160829s2008 xx 000 0 cat d | ||
| 080 | |a M-6-61 | ||
| 110 | 1 | |a Barcelona (Catalunya : Província). |b Diputació |9 52408 | |
| 245 | |a Plan de actuación del mandato 2008 - 2011 / Diputació de Barcelona | ||
| 260 | |a Barcelona : |b la Diputació, |c 2008 | ||
| 300 | |a 93 p. ; |c 30 cm | ||
| 590 | |a Hi ha un exemplar en català amb R. 19905 | ||
| 610 | 1 | 0 | |a Barcelona (Catalunya : Província). |b Diputació |v Planificació |9 52706 |
| 901 | |a Arxiu | ||
| 942 | |n 1 | ||
| 952 | |0 0 |1 0 |4 0 |6 M661 |7 1 |9 48454 |a Arxiu |b Arxiu |d 2016-12-01 |l 0 |o M-6-61 |p 20596 |r 2016-12-01 00:00:00 |w 2016-12-01 |y ARXIU | ||
| 999 | |c 52283 |d 52283 | ||